000 00609nam a2200205 a 4500
001 000039928
005 20201002033820.0
008 130730s19uu sp 000 0 spa d
040 _aDO-SdBNP
_bspa
_cBNPHU
082 _a985
_bP171t
100 1 _aPalma, Ricardo
_949423
245 1 0 _aTradiciones peruanas /
_cRicardo Palma.
260 _aMadrid :
_bCalpe,
_c[19--].
300 _a6v. ;
_c25 cm.
500 _aIncluye notas al pie de las páginas
500 _aLa biblioteca posee v.3-6
650 4 _aLeyendas
_zPeru
_915658
651 4 _aPerú
_xHistoria
_918494
910 _aValidado. Control de calidad MFF
999 _c39418
_d39418